Christianity and Marxism / (Record no. 40)
[ view plain ]
| 000 -LEADER | |
|---|---|
| fixed length control field | 01040cam a2200265 a 4500 |
| 001 - CONTROL NUMBER | |
| control field | 4701295 |
| 003 - CONTROL NUMBER IDENTIFIER | |
| control field | GBCCL |
| 005 - DATE AND TIME OF LATEST TRANSACTION | |
| control field | 20241126110328.0 |
| 008 - FIXED-LENGTH DATA ELEMENTS--GENERAL INFORMATION | |
| fixed length control field | 820308s1982 enk b 000 0 eng |
| 010 ## - | |
| -- | 82127262 |
| 020 ## - INTERNATIONAL STANDARD BOOK NUMBER | |
| International Standard Book Number | 0853642893 (pbk.) : |
| Terms of availability | £4.20 |
| 040 ## - CATALOGING SOURCE | |
| Original cataloging agency | DLC |
| Transcribing agency | DLC |
| Modifying agency | DLC |
| -- | OCoLC |
| 050 00 - | |
| -- | HX536 |
| -- | .C376 1982 |
| 082 00 - DEWEY DECIMAL CLASSIFICATION NUMBER | |
| Classification number | 261.21 |
| Edition information | 19 |
| Item number | CHR |
| 245 00 - TITLE STATEMENT | |
| Title | Christianity and Marxism / |
| Statement of responsibility, etc. | editors, Alan Scarfe and Patrick Sookhdeo. |
| 260 ## - PUBLICATION, DISTRIBUTION, ETC. | |
| Place of publication, distribution, etc. | Exeter : |
| Name of publisher, distributor, etc. | Paternoster Press, |
| Date of publication, distribution, etc. | c1982. |
| 300 ## - PHYSICAL DESCRIPTION | |
| Extent | 168 p. ; |
| Dimensions | 22 cm. |
| 504 ## - BIBLIOGRAPHY, ETC. NOTE | |
| Bibliography, etc. note | Includes bibliographical references. |
| 505 0# - FORMATTED CONTENTS NOTE | |
| Formatted contents note | Marxism / George Paterson -- Communism and Christianity / Kathleen Carter -- The spiritual Marxism of Mao Tse-Tung / George Paterson -- Latin America / Chris Sugden -- Evaluating Marxism / David Lyon -- The alternative radical / Tony Pearce. |
| 650 #0 - SUBJECT ADDED ENTRY--TOPICAL TERM | |
| Topical term or geographic name entry element | Communism and Christianity. |
| 9 (RLIN) | 2557 |
| 700 1# - ADDED ENTRY--PERSONAL NAME | |
| Personal name | Scarfe, Alan. |
| 9 (RLIN) | 2558 |
| 700 1# - ADDED ENTRY--PERSONAL NAME | |
| Personal name | Sookhdeo, Patrick. |
| 9 (RLIN) | 2559 |
| 906 ## - LOCAL DATA ELEMENT F, LDF (RLIN) | |
| a | 7 |
| b | cbc |
| c | orignew |
| d | 3 |
| e | ncip |
| f | 19 |
| g | y-gencatlg |
| 942 ## - ADDED ENTRY ELEMENTS (KOHA) | |
| Source of classification or shelving scheme | Dewey Decimal Classification |
| Koha item type | Books |
| Koha issues (borrowed), all copies | 4 |
| Withdrawn status | Lost status | Source of classification or shelving scheme | Damaged status | Not for loan | Home library | Current Library | Shelving location | Date acquired | Total checkouts | Full call number | Barcode | Date last seen | Date last checked out | Copy number | Price effective from | Koha item type |
|---|---|---|---|---|---|---|---|---|---|---|---|---|---|---|---|---|
| Dewey Decimal Classification | GRACE BIBLE COLLEGE | GRACE BIBLE COLLEGE | Ministry & Mission | 2016-05-16 | 4 | 261.21 CHR | 001073 | 2025-05-01 | 2019-10-24 | c.1 | 2016-05-16 | Books |